|
|
|
|
| LEADER |
00000nta a2200000 i 4500 |
| 001 |
dolg5029 |
| 005 |
20160421082054.0 |
| 008 |
160421suuuu hu o 000 hun d |
| 040 |
|
|
|a BGE Dolgozattár Repozitórium
|b hun
|
| 041 |
|
|
|a hu
|
| 100 |
1 |
|
|a Berki Benjamin Attila
|
| 245 |
1 |
2 |
|a A szárazáru áruátvételének folyamata a Spar Magyarország Kereskedelmi Kft bicskei központjában
|c Berki Benjamin Attila
|h [elektronikus dokumentum]
|
| 516 |
|
|
|a Final_paper
|
| 695 |
|
|
|a áruátvétel
|
| 695 |
|
|
|a Spar Magyarország Kereskedelmi Kft.
|
| 695 |
|
|
|a áruátvétel
|
| 700 |
1 |
|
|a Mosonyiné Ádám Gizella
|e ths
|
| 856 |
4 |
0 |
|u http://dolgozattar.uni-bge.hu/5029/1/Berki%20Benjamin%20Attila%20-%20Szakdolgozat%20Teljes%20%281%29.pdf
|z Dokumentum-elérés
|